ASEAN business in crisis / (Record no. 14813)

000 -LEADER
fixed length control field 00710cam a22001934a 4500
020 ## - INTERNATIONAL STANDARD BOOK NUMBER
ISBN 0714652636 (cloth)
040 ## - CATALOGING SOURCE
Transcribing agency DLC
082 00 - DEWEY DECIMAL CLASSIFICATION NUMBER
Classification number 330 F.CA 2002 A070 Or.
245 00 - TITLE STATEMENT
Title ASEAN business in crisis /
260 ## - PUBLICATION, DISTRIBUTION, ETC. (IMPRINT)
Place of publication London ;
-- Portland, OR :
Name of publisher F. Cass,
Year of publication 2002.
300 ## - PHYSICAL DESCRIPTION
Number of Pages 196 p. ;
Dimensions 24 cm.
500 ## - GENERAL NOTE
General note "This group of studies first appeared in a special issue of Asia Pacific Business Review [ISSN 1360-2381], Vol.8, No.2 (Winter 2001) published by Frank Cass and Co. Ltd."
650 #0 - SUBJECT ADDED ENTRY--TOPICAL TERM
Topical Term Financial crises
650 #0 - SUBJECT ADDED ENTRY--TOPICAL TERM
Topical Term International finance.
700 1# - ADDED ENTRY--PERSONAL NAME
Personal name Bhopal, Mhinder,
700 1# - ADDED ENTRY--PERSONAL NAME
Personal name Hitchcock, Michael.
856 42 - ELECTRONIC LOCATION AND ACCESS
Uniform Resource Identifier http://www.loc.gov/catdir/enhancements/fy0652/2002001626-d.html
942 ## - ADDED ENTRY ELEMENTS (KOHA)
Koha item type សៀវភៅភាសាអង់គ្លេស
952 ## - LOCATION AND ITEM INFORMATION (KOHA)
Withdrawn status [LOCAL, KOHA] 0
Holdings
Permanent Location Date acquired Koha item type Lost status Shelving location Barcode Current Location Full call number
Library Block A2017-10-27សៀវភៅភាសាអង់គ្លេស A070A06557Library Block A330 F.CA 2002 A070 Or.
មជ្ឈមណ្ឌលឯការនៃសាកលវិទ្យាល័យភូមិន្ទកសិកម្មចំការដូង

Powered by Koha